书目信息 |
| 题名: |
古瓷艺术鉴赏与修复
|
|
| 作者: | 程庸 , 蒋道银 编著 | |
| 分册: | ||
| 出版信息: | 上海 上海科技教育出版社 2001 |
|
| 页数: | 173页 | |
| 开本: | 20cm | |
| 丛书名: | ||
| 单 册: | ||
| 中图分类: | K876.34 | |
| 科图分类: | ||
| 主题词: | 瓷器(考古)--鉴赏--中国 , 瓷器(考古)--器物修复 , 器物修复 | |
| 电子资源: | ||
| ISBN: | 7-5428-2506-2 | |
| 000 | 00932nam0 2200289 45 | |
| 001 | 060000033898 | |
| 005 | 20060105143449.92 | |
| 010 | @a7-5428-2506-2@dCNY30.00 | |
| 092 | @aCN | |
| 100 | @a20050624e20042001ekmy0chiy0120 ea | |
| 101 | 0 | @achi |
| 102 | @aCN@b310000 | |
| 105 | @aa az 000yy | |
| 200 | 1 | @a古瓷艺术鉴赏与修复@9gu ci yi shu jian shang yu xiu fu@f程庸,蒋道银编著@Fcheng yong,jiang dao yin bian zhu |
| 210 | @a上海@c上海科技教育出版社@d2001@h2004重印 | |
| 215 | @a173页@c图@d20cm | |
| 320 | @a有书目:第173页 | |
| 330 | @a本书介绍古代陶瓷鉴赏和修复的基本知识和方法,分“古瓷艺术鉴赏”和“古陶瓷修复”两部分进行论述。 | |
| 606 | 0 | @a瓷器(考古)@x鉴赏@y中国 |
| 606 | 0 | @a瓷器(考古)@x器物修复 |
| 606 | 0 | @a器物修复 |
| 690 | @aK876.34@v4 | |
| 701 | 0 | @a程庸@Acheng yong@4编著 |
| 701 | 0 | @a蒋道银@Ajiang dao yin@4编著 |
| 801 | 0 | @aCN@bCXYBOOK@c20060105 |
| 905 | @a10447@dK876.34@e175 | |
| 999 | @aWJ@eDF | |
| 古瓷艺术鉴赏与修复/程庸,蒋道银编著.-上海:上海科技教育出版社,2001(2004重印) |
| 173页:图;20cm |
| ISBN 7-5428-2506-2:CNY30.00 |
| 本书介绍古代陶瓷鉴赏和修复的基本知识和方法,分“古瓷艺术鉴赏”和“古陶瓷修复”两部分进行论述。 |
| ● |
| 相关链接 |
|
|
|
|
正题名:古瓷艺术鉴赏与修复
索取号:K876.34/175
 
预约/预借
| 序号 | 登录号 | 条形码 | 馆藏地/架位号 | 状态 | 备注 |
| 1 | 0372840 | 203728403 | 第二样本阅览室/ [索取号:K876.34/175] | 在馆 | |
| 2 | 0372841 | 203728412 | 第二借阅区/ [索取号:K876.34/175] | 在馆 | |
| 3 | 0373845 | 203738456 | 第二借阅区/ [索取号:K876.34/175] | 在馆 |